| 000 | 00668nam a22002057a 4500 | ||
|---|---|---|---|
| 005 | 20170222143858.0 | ||
| 010 | _aENG-117303 | ||
| 020 |
_a9789386062543 _c595.00 |
||
| 035 | _aEN-100835 | ||
| 037 | _bDBAD/PUB | ||
| 082 | 0 | 0 | _a371.91443 |
| 245 | 1 | 0 |
_aThe dyslexia-friendly teacher's toolkit : _cby _bstrategies for teaching students 3-1/ |
| 260 |
_a New Delhi _bSAGE Publications, _c2017 |
||
| 270 |
_aB1/I-1 Mohan Cooperative Industrial Area, Mathura Road _b New Delhi _e110044 |
||
| 300 |
_axi,256p. _c23 cm.(pbk) |
||
| 504 | _aIncludes index. | ||
| 700 | _aMeehan, Margaret | ||
| 700 | _aDavis, Sarah | ||
| 942 |
_2ddc _cEN _h370.1523 _mMAC |
||
| 999 |
_c137777 _d137777 |
||